| 000 | 00747nam a2200193Ia 4500 | ||
|---|---|---|---|
| 003 | GCL | ||
| 008 | 140319s9999 xx 000 0 ara d | ||
| 040 |
_aGCL / _cGCL |
||
| 082 | 0 | 4 |
_a004.678 _bم ت |
| 100 | 1 | _aمازن مغايرى | |
| 245 | 1 | 0 |
_aتعلم نشر مواقع الانترنيت : _bمع اضافة التاثيرات الحيوية على المواقع باستخدام برنامج frontpage / _cمازن مغايرى |
| 260 |
_aسوريا : _bدار الرضوان ، _c2004 |
||
| 300 |
_a112 ص ؛ _c24 سم |
||
| 650 | 0 | 4 | _aنظم المعلومات |
| 650 | 0 | 4 | _aالحاسبات الالكترونية - برامج |
| 650 | 0 | 4 | _aخدمات الانترنت |
| 650 | 0 | 4 | _aثورة المعلومات |
| 942 |
_2ddc _cBK |
||
| 999 |
_c36746 _d36746 |
||